00431 a2200109 4500001001000000005001700010008004100027245008700068100002000155773012900175999001700304ART_2350820260410161931.0260409a 10aLimitaciones a la personalidad jurídica y la reforma del régimen de sociedades1 aHalperin, Isaac0 tRevista de la Facultad de Ciencias Económicas de la Universidad de Cuyog- Año XIX, Nº 55/56 (ene./ago. 1967)wREV22981 c28589d28589